[Event "Seville op 50th"]
[Site "Seville"]
[Date "2025.01.16"]
[Round "7"]
[White "Mitusov, Semen"]
[Black "Zhukenov, Aituar"]
[Result "1-0"]
[WhiteElo "2463"]
[BlackElo "2235"]
[PlyCount "117"]
[EventDate "2025.01.10"]
[EventType "swiss"]
[EventRounds "9"]
[EventCountry "ESP"]
[SourceTitle "CB04_2025"]
[SourceDate "2025.01.22"]
[SourceVersion "1"]
[SourceVersionDate "2025.01.22"]
[SourceQuality "1"]

1. e4 e6 2. d4 d5 3. e5 c5 4. c3 Nc6 5. Nf3 Nh6 6. a3 Nf5 7. b4 cxd4 8. cxd4 Qb6 9. Bb2 Bd7 10. Be2 Rc8 11. 0-0 Be7 12. Qd2 0-0 13. Rd1 f6 14. Nc3 fxe5 15. dxe5 Be8 16. Rac1 Qd8 17. b5 Nb8 18. h3 Bf7 19. Rf1 Nd7 20. Bd3 Nh4 21. Nxh4 Bxh4 22. Na4 Rxc1 23. Qxc1 Bg6 24. Bxg6 hxg6 25. Bd4 Bg5 26. Qb1 Rf4 27. Rd1 Qa5 28. g3 Re4 29. Qb4 Bd8 30. Nc3 Qxb4 31. axb4 Rxd4 32. Rxd4 Nxe5 33. Rd1 Be7 34. Rb1 Nc4 35. Na4 b6 36. Nc3 Bf6 37. Rc1 Nd6 38. Ne2 Nxb5 39. Nf4 Nc3 40. Kf1 Kf7 41. Ra1 Nb5 42. Re1 Bc3 43. Re3 d4 44. Rxe6 g5 45. Re5 gxf4 46. Rxb5 fxg3 47. fxg3 a5 48. Rxb6 Bxb4 49. Ke2 Kg8 50. h4 Kf7 51. h5 Bc3 52. Kd3 Kg8 53. Ra6 Kh7 54. g4 a4 55. Rxa4 Kh6 56. Ra6+ Kh7 57. Ke4 Bb2 58. Rd6 Bc3 59. Kf5 1-0

[Event "Paracin Prestige op"]
[Site "Paracin"]
[Date "2024.01.20"]
[Round "7"]
[White "Zhukenov, Aituar"]
[Black "Brankovic, Dejan"]
[Result "1-0"]
[WhiteElo "2214"]
[BlackElo "2257"]
[PlyCount "60"]
[EventDate "2024.01.15"]
[EventType "swiss"]
[EventRounds "9"]
[EventCountry "SRB"]
[SourceTitle "CBM 218 Extra"]
[Source "ChessBase"]
[SourceDate "2024.03.31"]
[SourceVersion "1"]
[SourceVersionDate "2024.03.31"]
[SourceQuality "1"]

1. d4 g6 2. e4 Bg7 3. Nc3 d6 4. Be3 a6 5. Qd2 b5 6. 0-0-0 Bb7 7. f3 Nd7 8. h4 h6 9. g4 e6 10. Nh3 Ne7 11. Nf4 b4 12. Nce2 d5 13. Bg2 a5 14. Nd3 Bc6 15. Kb1 Qb8 16. e5 Bb5 17. Nec1 Qb7 18. h5 g5 19. f4 gxf4 20. Bxf4 Qb6 21. g5 Qxd4 22. gxh6 Bf8 23. Bh3 Bxd3 24. Nxd3 c5 25. Be3 Qc4 26. Qf2 a4 27. Bc1 Qa6 28. Rhf1 Rh7 29. Qg2 0-0-0 30. Qg4 Re8 1-0

[Event "Kazakhstan Cup"]
[Site "Astana"]
[Date "2023.04.27"]
[Round "6"]
[White "Zhukenov, Aituar"]
[Black "Suleymenov, Alisher"]
[Result "0-1"]
[WhiteElo "2178"]
[BlackElo "2434"]
[PlyCount "88"]
[EventDate "2023.04.23"]
[EventType "swiss"]
[EventRounds "9"]
[EventCountry "KAZ"]
[SourceTitle "CBM 213 Extra"]
[Source "ChessBase"]
[SourceDate "2023.05.31"]
[SourceVersion "1"]
[SourceVersionDate "2023.05.31"]
[SourceQuality "1"]

1. d4 Nf6 2. c4 g6 3. Nc3 d5 4. cxd5 Nxd5 5. e4 Nxc3 6. bxc3 Bg7 7. Nf3 c5 8. Bb5+ Bd7 9. Be2 Qa5 10. Bd2 0-0 11. 0-0 Qa4 12. Be3 Qxd1 13. Rfxd1 Ba4 14. Rdc1 Nd7 15. Rab1 b6 16. e5 e6 17. Nd2 Bc6 18. f4 Rfc8 19. Kf2 Bf8 20. Bd3 Rc7 21. Ne4 c4 22. Bc2 Ba3 23. Rg1 b5 24. g4 Nb6 25. Nf6+ Kh8 26. f5 Be7 27. d5 Bxf6 28. exf6 Nxd5 29. Bd4 Kg8 30. h4 Re8 31. fxg6 e5 32. gxh7+ Kh8 33. Be3 Nxc3 34. g5 Nxb1 35. h5 Nc3 36. g6 Ne4+ 37. Ke1 fxg6 38. hxg6 Nxf6 39. Bh6 Be4 40. Bg5 Bxc2 41. Bxf6+ Rg7 42. Rg5 Re6 43. Bxg7+ Kxg7 44. Rh5 Re8 0-1

[Event "Barcelona Sants op-A 23rd"]
[Site "Barcelona"]
[Date "2022.08.20"]
[Round "2"]
[White "Zhukenov, Aituar"]
[Black "Henriquez Villagra, Cristobal"]
[Result "0-1"]
[WhiteElo "2238"]
[BlackElo "2620"]
[PlyCount "126"]
[EventDate "2022.08.19"]
[EventType "swiss"]
[EventRounds "10"]
[EventCountry "ESP"]
[SourceTitle "CBM 209 Extra"]
[Source "ChessBase"]
[SourceDate "2022.09.30"]
[SourceVersion "1"]
[SourceVersionDate "2022.09.30"]
[SourceQuality "1"]

1. e4 c6 2. d4 d5 3. exd5 cxd5 4. Bd3 Nc6 5. c3 e6 6. Bf4 Nge7 7. Nf3 f6 8. 0-0 Ng6 9. Bg3 Bd6 10. c4 Nce7 11. Nc3 0-0 12. Qb3 Bxg3 13. hxg3 Rf7 14. Rfe1 Nf8 15. Rac1 b6 16. cxd5 Nxd5 17. Nxd5 exd5 18. Bb5 Be6 19. Rc6 Re7 20. Qa3 Kf7 21. Rc3 Bd7 22. Ba6 Rxe1+ 23. Nxe1 Qe7 24. Nd3 Qxa3 25. Rxa3 Rb8 26. Nf4 b5 27. Nxd5 Ke6 28. Nb4 Kd6 29. d5 Ng6 30. Rc3 Ne7 31. f3 Rb6 32. Kf2 h5 33. Ke3 g5 34. Kf2 g4 35. Rc1 Rb8 36. b3 Rg8 37. Bb7 gxf3 38. gxf3 Nf5 39. Rg1 Re8 40. Bc6 Nd4 41. Bxd7 Re2+ 42. Kf1 Kxd7 43. Nc6 Rd2 44. Nxd4 Rxd4 45. Ke2 Kd6 46. g4 Rxd5 47. Ke3 Re5+ 48. Kd3 Rg5 49. Ke3 a5 50. a3 hxg4 51. fxg4 f5 52. Rd1+ Ke5 53. Rc1 fxg4 54. Rc5+ Kf6 55. Rc6+ Ke7 56. Kf4 Kd7 57. Rc3 Rg7 58. Kg3 Kd6 59. b4 axb4 60. axb4 Rc7 61. Rd3+ Ke5 62. Kxg4 Ke4 63. Rb3 Rg7+ 0-1

[Event "Bastia op"]
[Site "Bastia"]
[Date "2022.07.13"]
[Round "4"]
[White "Pieri, Pierre Louis"]
[Black "Zhukenov, Aituar"]
[Result "0-1"]
[WhiteElo "2124"]
[BlackElo "2148"]
[PlyCount "102"]
[EventDate "2022.07.10"]
[EventType "swiss"]
[EventRounds "7"]
[EventCountry "FRA"]
[SourceTitle "CBM 209 Extra"]
[Source "ChessBase"]
[SourceDate "2022.09.30"]
[SourceVersion "1"]
[SourceVersionDate "2022.09.30"]
[SourceQuality "1"]

1. e4 c6 2. Nc3 d5 3. Nf3 dxe4 4. Nxe4 Nf6 5. Qe2 Nxe4 6. Qxe4 Qa5 7. Bc4 Bf5 8. Qe2 e6 9. 0-0 Qd8 10. c3 Be7 11. Nd4 Bg6 12. Bxe6 fxe6 13. Nxe6 Qd7 14. Re1 Kf7 15. d4 Re8 16. Qc4 Kg8 17. Bf4 Bf7 18. Re3 Na6 19. Rae1 Bd6 20. Bxd6 Qxd6 21. f4 Qd5 22. Qxd5 cxd5 23. f5 Re7 24. Re5 Bxe6 25. Rxe6 Rxe6 26. Rxe6 Kf8 27. Kf2 Rd8 28. Kf3 Nc7 29. Re5 Rd6 30. g4 Rb6 31. Re2 Kf7 32. Kf4 Rd6 33. h4 Rh6 34. h5 Ra6 35. a3 h6 36. Ke5 Ne8 37. Kxd5 Nf6+ 38. Kc5 Rc6+ 39. Kb4 Rb6+ 40. Kc5 Rc6+ 41. Kb4 Nxg4 42. d5 Rc8 43. c4 Nf6 44. d6 Re8 45. Rd2 Nxh5 46. c5 Nf6 47. a4 Nd7 48. Kb5 a6+ 49. Kc4 Re4+ 50. Kc3 a5 51. b3 h5 0-1

[Event "Purtichju op 7th"]
[Site "Porticcio"]
[Date "2022.07.03"]
[Round "2"]
[White "Maurizzi, Marc Andria"]
[Black "Zhukenov, Aituar"]
[Result "1-0"]
[WhiteElo "2506"]
[BlackElo "2148"]
[PlyCount "135"]
[EventDate "2022.07.02"]
[EventType "swiss"]
[EventRounds "9"]
[EventCountry "FRA"]
[SourceTitle "EXT 2023"]
[Source "ChessBase"]
[SourceDate "2022.10.05"]
[SourceVersion "1"]
[SourceVersionDate "2022.10.05"]
[SourceQuality "1"]

1. e4 c6 2. Nf3 d5 3. d3 Nd7 4. Nc3 Ngf6 5. exd5 cxd5 6. d4 e6 7. Bd3 Bd6 8. 0-0 a6 9. Re1 Qc7 10. Ne2 0-0 11. Ng3 e5 12. dxe5 Nxe5 13. Bg5 Nxf3+ 14. gxf3 Be5 15. c3 h6 16. Be3 Bd7 17. Qd2 Rfe8 18. Kh1 Qc6 19. Be2 Ng4 20. Bd4 Nf6 21. Rg1 Bxd4 22. Qxd4 Qd6 23. Bd3 Qe5 24. Qh4 Kh8 25. Ne2 Bf5 26. Bxf5 Qxe2 27. Qg3 g6 28. Qh3 Kg7 29. Rg2 Qd2 30. Rag1 Re1 31. Qg3 Nh5 32. Qc7 Nf4 33. Rxe1 Qxe1+ 34. Rg1 Qd2 35. Qe5+ Kg8 36. h4 h5 37. Qe3 Qxe3 38. fxe3 Ne2 39. Rg2 Re8 40. Bxg6 fxg6 41. Rxe2 Kf7 42. Kg2 Kf6 43. f4 b5 44. Kf3 Rb8 45. Rd2 Ke6 46. Rg2 Kf6 47. Rg5 b4 48. Rxd5 bxc3 49. bxc3 Rc8 50. Rd6+ Kf7 51. Rxa6 Rxc3 52. a4 Ra3 53. a5 Kg7 54. Ke4 Ra1 55. f5 Ra4+ 56. Ke5 gxf5 57. Kxf5 Rxh4 58. e4 Rh1 59. e5 Re1 60. Ra7+ Kf8 61. a6 Ra1 62. Kf6 Rf1+ 63. Ke6 Ra1 64. Kf6 Rf1+ 65. Kg5 Ra1 66. Kxh5 Ra5 67. Kg6 Rxe5 68. Kf6 1-0

[Event "Paracin Summer op 14th"]
[Site "Paracin"]
[Date "2021.07.13"]
[Round "5"]
[White "Bhambure, Shantanu"]
[Black "Zhukenov, Aituar"]
[Result "1-0"]
[WhiteElo "2391"]
[BlackElo "2241"]
[PlyCount "57"]
[EventDate "2021.07.09"]
[EventType "swiss"]
[EventRounds "9"]
[EventCountry "SRB"]
[SourceTitle "EXT 2022"]
[Source "ChessBase"]
[SourceDate "2021.10.06"]
[SourceVersion "1"]
[SourceVersionDate "2021.10.06"]
[SourceQuality "1"]

1. d4 Nf6 2. c4 e6 3. Nf3 Bb4+ 4. Bd2 Qe7 5. e3 Ne4 6. Bd3 Nxd2 7. Nbxd2 0-0 8. 0-0 Bxd2 9. Qxd2 d6 10. Qc3 Nd7 11. b4 e5 12. Nd2 f5 13. f4 Nf6 14. fxe5 Ng4 15. Rae1 dxe5 16. h3 Nh6 17. dxe5 Be6 18. Nb3 Rae8 19. Nd4 Bc8 20. e4 f4 21. e6 Bxe6 22. Nxe6 Qxe6 23. e5 Kh8 24. c5 b6 25. Bb5 Re7 26. Bc4 Qg6 27. e6 bxc5 28. bxc5 Qg5 29. Re5 1-0

[Event "Paracin Summer op 14th"]
[Site "Paracin"]
[Date "2021.07.12"]
[Round "4"]
[White "Zhukenov, Aituar"]
[Black "Simantsev, Mikhail"]
[Result "1/2-1/2"]
[WhiteElo "2241"]
[BlackElo "2398"]
[PlyCount "45"]
[EventDate "2021.07.09"]
[EventType "swiss"]
[EventRounds "9"]
[EventCountry "SRB"]
[SourceTitle "EXT 2022"]
[Source "ChessBase"]
[SourceDate "2021.10.06"]
[SourceVersion "1"]
[SourceVersionDate "2021.10.06"]
[SourceQuality "1"]

1. e4 c6 2. d4 d5 3. e5 Bf5 4. h4 h5 5. Bd3 Bxd3 6. Qxd3 Qa5+ 7. Nd2 e6 8. Ngf3 Qa6 9. c4 Nh6 10. b3 Nf5 11. 0-0 Nd7 12. a4 Rd8 13. Qc2 Bb4 14. Ba3 Qa5 15. Bxb4 Qxb4 16. a5 Nb8 17. Rfd1 Na6 18. Nf1 Qe7 19. g3 0-0 20. c5 Nc7 21. Ne3 g6 22. Qd2 Kg7 23. Kg2 1/2-1/2

[Event "Belgrade Serbia op"]
[Site "Belgrade"]
[Date "2021.07.07"]
[Round "8"]
[White "Zhukenov, Aituar"]
[Black "Abramovic, Bosko"]
[Result "1-0"]
[WhiteElo "2241"]
[BlackElo "2334"]
[PlyCount "99"]
[EventDate "2021.07.02"]
[EventType "swiss"]
[EventRounds "9"]
[EventCountry "SRB"]
[SourceTitle "EXT 2022"]
[Source "ChessBase"]
[SourceDate "2021.10.06"]
[SourceVersion "1"]
[SourceVersionDate "2021.10.06"]
[SourceQuality "1"]

1. e4 e5 2. Nc3 d6 3. Nf3 Nc6 4. d4 Nf6 5. d5 Ne7 6. h4 h6 7. Bb5+ c6 8. dxc6 bxc6 9. Be2 Be6 10. Qd3 Qc7 11. Qa6 g6 12. h5 g5 13. Be3 Bg7 14. 0-0-0 Ng4 15. Bc4 Nxe3 16. fxe3 0-0 17. Bxe6 fxe6 18. Qc4 Qd7 19. Na4 d5 20. Qa6 g4 21. Nh2 Nc8 22. Nxg4 Nd6 23. Nc5 Qe7 24. Qxc6 Rfd8 25. Qa6 Rac8 26. b4 Qg5 27. Nxe6 Qxg4 28. Nxd8 Qxe4 29. Qd3 Qxd3 30. Rxd3 d4 31. Ne6 e4 32. Rd2 d3 33. Nxg7 Kxg7 34. Kd1 Nc4 35. cxd3 Nxe3+ 36. Ke2 Nf5 37. Rh3 Re8 38. dxe4 Rxe4+ 39. Kd3 Rxb4 40. Rf2 Rb5 41. Rhf3 Nd6 42. g4 Rd5+ 43. Kc2 Rc5+ 44. Kd1 Rc7 45. Rf6 Ne4 46. Rg6+ Kh7 47. Rc2 Rd7+ 48. Kc1 Nd6 49. Kb2 Nf7 50. Rgc6 1-0

[Event "Belgrade Serbia op"]
[Site "Belgrade"]
[Date "2021.07.05"]
[Round "5"]
[White "Ivanisevic, Ivan"]
[Black "Zhukenov, Aituar"]
[Result "1/2-1/2"]
[WhiteElo "2606"]
[BlackElo "2241"]
[PlyCount "167"]
[EventDate "2021.07.02"]
[EventType "swiss"]
[EventRounds "9"]
[EventCountry "SRB"]
[SourceTitle "CBM 203 Extra"]
[Source "ChessBase"]
[SourceDate "2021.09.30"]
[SourceVersion "1"]
[SourceVersionDate "2021.09.30"]
[SourceQuality "1"]

1. d4 Nf6 2. c4 e6 3. Nc3 Bb4 4. e3 b6 5. Bd3 Bb7 6. Nge2 Bxg2 7. Rg1 Bf3 8. Qc2 Nc6 9. a3 Bd6 10. Rxg7 Nh5 11. Rxh7 Rxh7 12. Bxh7 Qh4 13. Be4 Bxe4 14. Qxe4 Qxh2 15. Bd2 0-0-0 16. Qf3 Rg8 17. 0-0-0 Rg2 18. Rf1 f5 19. e4 Kb8 20. exf5 exf5 21. Nd5 Ng3 22. Nxg3 Bxg3 23. Be3 f4 24. Nxf4 Bxf4 25. Bxf4 Nxd4 26. Bxh2 Nxf3 27. Bg3 Nd4 28. Kd1 d6 29. Re1 Nf5 30. Ke2 Rxg3 31. fxg3 Nxg3+ 32. Kf3 Nf5 33. Re8+ Kb7 34. Ke4 Nh6 35. Kd5 Ng4 36. Re7 a5 37. b3 Ne5 38. Rg7 Nc6 39. Rh7 Ne5 40. Rh3 Nc6 41. Rh5 Ne5 42. b4 axb4 43. axb4 Nc6 44. b5 Ne5 45. Rg5 Kc8 46. Rg8+ Kb7 47. Re8 Nd7 48. Rh8 Ne5 49. Rh5 Nd7 50. Ke6 Ne5 51. Rh7 Nxc4 52. Kd7 Na3 53. Rh5 Nc2 54. Rh4 d5 55. Ra4 Ne3 56. Rd4 Kb8 57. Kc6 Nf5 58. Rf4 Nd6 59. Rd4 Kc8 60. Rxd5 Nb7 61. Rh5 Nd8+ 62. Kd5 Kd7 63. Rh8 c6+ 64. bxc6+ Nxc6 65. Rh7+ Ne7+ 66. Ke5 Kd8 67. Rg7 b5 68. Ke6 Nc8 69. Rb7 b4 70. Rd7+ Ke8 71. Rd3 Na7 72. Rd4 Nc6 73. Re4 Nd8+ 74. Kd6+ Kf7 75. Kd7 Nb7 76. Rc4 b3 77. Rf4+ Kg6 78. Rb4 Nc5+ 79. Kc6 Nd3 80. Rb5 Nf4 81. Kc5 Nh5 82. Rb6+ Kf7 83. Rb8 Ng7 84. Rb6 1/2-1/2

[Event "Belgrade Serbia op"]
[Site "Belgrade"]
[Date "2021.07.03"]
[Round "3"]
[White "Skonnord, Uno"]
[Black "Zhukenov, Aituar"]
[Result "1/2-1/2"]
[WhiteElo "2112"]
[BlackElo "2241"]
[PlyCount "62"]
[EventDate "2021.07.02"]
[EventType "swiss"]
[EventRounds "9"]
[EventCountry "SRB"]
[SourceTitle "CBM 203 Extra"]
[Source "ChessBase"]
[SourceDate "2021.09.30"]
[SourceVersion "1"]
[SourceVersionDate "2021.09.30"]
[SourceQuality "1"]

1. e4 g6 2. d4 d6 3. Be3 c6 4. Nc3 Bg7 5. Qd2 Nd7 6. f3 b5 7. g4 Nb6 8. b3 a5 9. a4 b4 10. Nce2 h5 11. g5 c5 12. 0-0-0 c4 13. d5 c3 14. Qe1 e5 15. dxe6 Bxe6 16. Nd4 Ne7 17. Nxe6 fxe6 18. Bh3 e5 19. Qf2 Rb8 20. Be6 Nc6 21. Ne2 Nd4 22. Nxd4 exd4 23. Bxd4 Bxd4 24. Qxd4 Qxg5+ 25. Kb1 Qe5 26. Qxd6 Qxd6 27. Rxd6 Ke7 28. Rhd1 Rhf8 29. Bh3 Rxf3 30. Bg2 Rf6 31. e5 Rxd6 1/2-1/2

[Event "Belgrade Serbia op"]
[Site "Belgrade"]
[Date "2021.07.03"]
[Round "2"]
[White "Zhukenov, Aituar"]
[Black "Rutten, Alexander"]
[Result "0-1"]
[WhiteElo "2241"]
[BlackElo "2082"]
[PlyCount "56"]
[EventDate "2021.07.02"]
[EventType "swiss"]
[EventRounds "9"]
[EventCountry "SRB"]
[SourceTitle "CBM 203 Extra"]
[Source "ChessBase"]
[SourceDate "2021.09.30"]
[SourceVersion "1"]
[SourceVersionDate "2021.09.30"]
[SourceQuality "1"]

1. e4 c5 2. Nf3 d6 3. Bb5+ Bd7 4. Bxd7+ Qxd7 5. 0-0 Nf6 6. Qe2 Nc6 7. c3 e6 8. d4 cxd4 9. cxd4 d5 10. e5 Ne4 11. Be3 Be7 12. Ne1 f5 13. f3 Ng5 14. Nd3 Nf7 15. Nd2 Rc8 16. a3 Na5 17. Rac1 0-0 18. b4 Nc4 19. Nxc4 dxc4 20. Nc5 Qd5 21. Na4 b5 22. Nc3 Qb7 23. Rb1 Nd8 24. Rfd1 Nc6 25. f4 Rfd8 26. g4 Rf8 27. d5 exd5 28. Nxd5 a6 0-1

[Event "Veliko Gradiste Silver Lake op-A"]
[Site "Veliko Gradiste"]
[Date "2021.06.27"]
[Round "6"]
[White "Terryn, Ezra"]
[Black "Zhukenov, Aituar"]
[Result "0-1"]
[WhiteElo "2184"]
[BlackElo "2241"]
[PlyCount "68"]
[EventDate "2021.06.23"]
[EventType "swiss"]
[EventRounds "9"]
[EventCountry "SRB"]
[SourceTitle "EXT 2022"]
[Source "ChessBase"]
[SourceDate "2021.10.06"]
[SourceVersion "1"]
[SourceVersionDate "2021.10.06"]
[SourceQuality "1"]

1. e4 g6 2. d4 d6 3. Nc3 c6 4. Bg5 Bg7 5. Qd2 b5 6. a3 Nd7 7. Nf3 Qc7 8. Be2 Bb7 9. 0-0 Ngf6 10. h3 0-0 11. Bh6 a5 12. Bxg7 Kxg7 13. b4 e5 14. d5 Rfc8 15. Rfd1 axb4 16. axb4 Rxa1 17. Rxa1 cxd5 18. Nxb5 Qb6 19. exd5 Bxd5 20. Nxd6 Qxd6 21. c4 e4 22. Nd4 Ne5 23. cxd5 Qxd5 24. Ra5 Qd7 25. Rxe5 Rd8 26. Qa2 Qxd4 27. Re7 Nd5 28. Rb7 e3 29. Bc4 Rc8 30. Bf1 Rc1 31. fxe3 Qf6 32. Qxd5 Qxf1+ 33. Kh2 Qg1+ 34. Kg3 Qxe3+ 0-1

[Event "Veliko Gradiste Silver Lake op-A"]
[Site "Veliko Gradiste"]
[Date "2021.06.24"]
[Round "2"]
[White "Zhukenov, Aituar"]
[Black "Raja, Harshit"]
[Result "0-1"]
[WhiteElo "2241"]
[BlackElo "2459"]
[PlyCount "114"]
[EventDate "2021.06.23"]
[EventType "swiss"]
[EventRounds "9"]
[EventCountry "SRB"]
[SourceTitle "CBM 203 Extra"]
[Source "ChessBase"]
[SourceDate "2021.09.30"]
[SourceVersion "1"]
[SourceVersionDate "2021.09.30"]
[SourceQuality "1"]

1. e4 c5 2. Nf3 d6 3. Bb5+ Nd7 4. a4 Ngf6 5. Nc3 g6 6. d4 cxd4 7. Nxd4 Bg7 8. Be3 a6 9. Be2 b6 10. Qd2 Bb7 11. f3 h5 12. 0-0 0-0 13. Bh6 Qc7 14. Rad1 Rfd8 15. Bxg7 Kxg7 16. Nb3 Rac8 17. Kh1 h4 18. Qe3 Nc5 19. Rd4 e5 20. Rd2 Nxb3 21. cxb3 Qc5 22. Qxc5 dxc5 23. Rxd8 Rxd8 24. Rd1 Rd4 25. Bd3 Ne8 26. Ne2 Rd6 27. Kg1 Nc7 28. Kf2 Ne6 29. Ke1 Ng5 30. Kf2 h3 31. gxh3 Rf6 32. Ng1 Nxe4+ 33. Bxe4 Bxe4 34. Re1 Bd5 35. Rxe5 Bxb3 36. a5 c4 37. Ne2 bxa5 38. Rxa5 Rd6 39. Nc1 Rd2+ 40. Ke3 Rxb2 41. Rxa6 Rxh2 42. Nxb3 cxb3 43. Rb6 b2 44. Kf4 Kf8 45. Rb7 Ke8 46. Kg3 Re2 47. Kg4 Kd8 48. f4 Kc8 49. Rb3 Rg2+ 50. Kf3 Rd2 51. Kg4 f6 52. h4 Kc7 53. Rb4 Kc6 54. Rb8 Kc5 55. Rb7 Kc4 56. h5 gxh5+ 57. Kxh5 Rd5+ 0-1

[Event "Asian Hybrid"]
[Site "Tornelo INT"]
[Date "2021.05.25"]
[Round "5"]
[White "Megaranto, Susanto"]
[Black "Zhukenov, Aituar"]
[Result "1/2-1/2"]
[WhiteElo "2550"]
[BlackElo "2241"]
[PlyCount "128"]
[EventDate "2021.05.21"]
[EventType "swiss"]
[EventRounds "9"]
[EventCountry "NET"]
[SourceTitle "CBM 202 Extra"]
[Source "ChessBase"]
[SourceDate "2021.07.31"]
[SourceVersion "1"]
[SourceVersionDate "2021.07.31"]
[SourceQuality "1"]

1. d4 Nf6 2. d5 e6 3. c4 Bc5 4. Nc3 0-0 5. Nf3 d6 6. Bg5 e5 7. e3 Nbd7 8. Qc2 h6 9. h4 Bb4 10. Bxf6 Bxc3+ 11. Qxc3 Qxf6 12. Be2 Nc5 13. Nd2 Qg6 14. g4 Na4 15. Qb3 Nc5 16. Qc3 f5 17. g5 Ne4 18. Qc2 hxg5 19. hxg5 Qxg5 20. Nxe4 fxe4 21. Qxe4 Bf5 22. Qh4 Qxh4 23. Rxh4 Kf7 24. Kd2 Rh8 25. Rah1 Rxh4 26. Rxh4 g5 27. Rh1 Kg7 28. f4 gxf4 29. exf4 exf4 30. Rf1 Kf6 31. Rxf4 Ke5 32. Rf3 Rg8 33. Bd3 Rg2+ 34. Kc3 Bxd3 35. Rxd3 Kf4 36. Rd1 Ke5 37. Re1+ Kf6 38. Re8 a5 39. Rb8 Rg3+ 40. Kc2 b6 41. Re8 Rg4 42. b3 Rg2+ 43. Kc3 Rxa2 44. Rc8 a4 45. bxa4 Ke7 46. Rxc7+ Kd8 47. Rc6 Kd7 48. Rxb6 Rxa4 49. Rb7+ Kc8 50. Rg7 Ra1 51. Kd3 Re1 52. Rh7 Rc1 53. Ke4 Rxc4+ 54. Kf5 Rd4 55. Ke6 Rg4 56. Kxd6 Rg1 57. Rh8+ Kb7 58. Re8 Rh1 59. Kd7 Rh7+ 60. Re7 Rh8 61. Kd6+ Kb6 62. Kd7 Kb7 63. Rg7 Rh6 64. Re7 Rh8 1/2-1/2

[Event "Asian Hybrid"]
[Site "Tornelo INT"]
[Date "2021.05.24"]
[Round "4"]
[White "Zhukenov, Aituar"]
[Black "Munguntuul, Batkhuyag"]
[Result "1-0"]
[WhiteElo "2241"]
[BlackElo "2428"]
[PlyCount "69"]
[EventDate "2021.05.21"]
[EventType "swiss"]
[EventRounds "9"]
[EventCountry "NET"]
[SourceTitle "CBM 202 Extra"]
[Source "ChessBase"]
[SourceDate "2021.07.31"]
[SourceVersion "1"]
[SourceVersionDate "2021.07.31"]
[SourceQuality "1"]

1. e4 c5 2. Nf3 e6 3. g3 Nc6 4. Bg2 Nf6 5. Qe2 e5 6. 0-0 Be7 7. Nc3 d6 8. d3 Bg4 9. Qd2 Qc8 10. Nd5 0-0 11. Ne3 Bd7 12. c3 Rd8 13. Qe2 Bf8 14. Nd2 Bh3 15. f4 Bxg2 16. Qxg2 Qd7 17. Nf3 Re8 18. Nh4 Rad8 19. c4 exf4 20. gxf4 g6 21. Bd2 Nd4 22. Bc3 Bg7 23. Nef5 gxf5 24. Bxd4 cxd4 25. Nxf5 Nh5 26. Qg5 Re6 27. Qxh5 Rg6+ 28. Kh1 Re8 29. Rg1 Kh8 30. Nxg7 Kxg7 31. f5 Re5 32. Qh4 Rxf5 33. exf5 Qxf5 34. Qxd4+ Kg8 35. Qe4 1-0

[Event "Asian Hybrid"]
[Site "Tornelo INT"]
[Date "2021.05.21"]
[Round "1"]
[White "Gholami, Aryan"]
[Black "Zhukenov, Aituar"]
[Result "1-0"]
[WhiteElo "2513"]
[BlackElo "2241"]
[PlyCount "81"]
[EventDate "2021.05.21"]
[EventType "swiss"]
[EventRounds "9"]
[EventCountry "NET"]
[SourceTitle "CBM 202 Extra"]
[Source "ChessBase"]
[SourceDate "2021.07.31"]
[SourceVersion "1"]
[SourceVersionDate "2021.07.31"]
[SourceQuality "1"]

1. Nf3 c5 2. b3 Nc6 3. Bb2 d6 4. g3 e5 5. Bg2 g6 6. c4 Bg7 7. Nc3 Nge7 8. 0-0 0-0 9. d3 h6 10. Nd2 Be6 11. a3 d5 12. Rb1 Rc8 13. Ba1 b6 14. b4 d4 15. Na4 cxb4 16. axb4 Qd7 17. b5 Na5 18. Bb2 Nb7 19. Ba3 Rfe8 20. c5 Nxc5 21. Bxc5 bxc5 22. b6 Bd5 23. Ne4 Qc6 24. bxa7 f5 25. Nb6 fxe4 26. Nxd5 Nxd5 27. Bxe4 Qe6 28. Qb3 c4 29. dxc4 Nc3 30. Bb7 Kh7 31. Bxc8 Qc6 32. Rfe1 Qxc8 33. Qb8 Nxb1 34. Rxb1 Qc6 35. Qxe8 Qxe8 36. Rb8 Qa4 37. a8Q Qd1+ 38. Kg2 Qxe2 39. Qd5 h5 40. Rb7 e4 41. Qf7 1-0

[Event "Moscow op-A 17th"]
[Site "Moscow"]
[Date "2021.02.27"]
[Round "8"]
[White "Zhukenov, Aituar"]
[Black "Kardashevskiy, Evgeny"]
[Result "0-1"]
[WhiteElo "2144"]
[BlackElo "2427"]
[PlyCount "54"]
[EventDate "2021.02.20"]
[EventType "swiss"]
[EventRounds "9"]
[EventCountry "RUS"]
[SourceTitle "EXT 2022"]
[Source "ChessBase"]
[SourceDate "2021.10.06"]
[SourceVersion "1"]
[SourceVersionDate "2021.10.06"]
[SourceQuality "1"]

1. e4 c5 2. Nf3 d6 3. d4 cxd4 4. Nxd4 Nf6 5. Nc3 g6 6. h3 e5 7. Nb3 Be6 8. Be3 Nbd7 9. Qf3 Rc8 10. g4 h6 11. 0-0-0 Rxc3 12. bxc3 Qc7 13. Kb1 Qxc3 14. Bg2 Be7 15. Bd2 Qc7 16. Qc3 Qb8 17. f4 0-0 18. f5 Rc8 19. Qe3 Bc4 20. h4 Nxg4 21. Qg3 h5 22. Bg5 Ndf6 23. Rd2 Qc7 24. Ka1 a5 25. Qc3 Qb6 26. Rb1 d5 27. Bxf6 Bb4 0-1

[Event "Moscow op-A 17th"]
[Site "Moscow"]
[Date "2021.02.25"]
[Round "6"]
[White "Iljiushenok, Ilia"]
[Black "Zhukenov, Aituar"]
[Result "1-0"]
[WhiteElo "2534"]
[BlackElo "2144"]
[PlyCount "110"]
[EventDate "2021.02.20"]
[EventType "swiss"]
[EventRounds "9"]
[EventCountry "RUS"]
[SourceTitle "CBM 200 Extra"]
[Source "ChessBase"]
[SourceDate "2021.03.31"]
[SourceVersion "1"]
[SourceVersionDate "2021.03.31"]
[SourceQuality "1"]

1. d4 Nf6 2. Bf4 e6 3. e3 d5 4. Nf3 Bd6 5. Nbd2 0-0 6. Bd3 b6 7. 0-0 Bxf4 8. exf4 c5 9. c3 Ba6 10. Bxa6 Nxa6 11. Qe2 Nb8 12. Ne5 Qc7 13. Qe3 Nbd7 14. Rae1 cxd4 15. Qxd4 b5 16. Nxd7 Qxd7 17. Re5 h6 18. Rfe1 a5 19. R5e3 Qa7 20. Qd3 Rad8 21. Nf3 b4 22. f5 Ne4 23. Nd4 Qb6 24. f3 bxc3 25. bxc3 Nc5 26. Qc2 exf5 27. Qxf5 Na4 28. Qc2 Nc5 29. Kh1 Rc8 30. Nf5 Kh8 31. Qd2 Qf6 32. Ne7 Rcd8 33. Nxd5 Qh4 34. Rd1 Qc4 35. Qd4 Qxd4 36. Rxd4 Rb8 37. h3 Rb2 38. Rc4 Ne6 39. Ra4 Ra8 40. f4 g6 41. Re5 Kg7 42. f5 gxf5 43. Rxf5 Rc2 44. Kh2 Rb8 45. Rg4+ Kf8 46. a4 Rbb2 47. Rh5 Rd2 48. c4 Nd4 49. Rxh6 Ke8 50. Rb6 Rbc2 51. Rb7 Nf3+ 52. Kg3 Ng5 53. Kh4 Rxg2 54. Kxg5 Rxg4+ 55. hxg4 Rxc4 1-0

[Event "Moscow op-A 17th"]
[Site "Moscow"]
[Date "2021.02.23"]
[Round "4"]
[White "Boktaev, Adyan"]
[Black "Zhukenov, Aituar"]
[Result "0-1"]
[WhiteElo "1808"]
[BlackElo "2144"]
[PlyCount "82"]
[EventDate "2021.02.20"]
[EventType "swiss"]
[EventRounds "9"]
[EventCountry "RUS"]
[SourceTitle "CBM 200 Extra"]
[Source "ChessBase"]
[SourceDate "2021.03.31"]
[SourceVersion "1"]
[SourceVersionDate "2021.03.31"]
[SourceQuality "1"]

1. d4 g6 2. c4 Bg7 3. Nc3 d6 4. e4 c5 5. d5 e6 6. h3 Ne7 7. Bd3 0-0 8. Nf3 exd5 9. cxd5 f5 10. 0-0 Na6 11. Re1 fxe4 12. Nxe4 Nf5 13. Nfg5 Nc7 14. Bc4 b5 15. Bf1 Nd4 16. a4 h6 17. Ne6 Ncxe6 18. dxe6 Bxe6 19. axb5 Bd5 20. Ng3 Kh8 21. Be3 Qf6 22. Bxd4 Qxd4 23. Nh1 Rf7 24. Ra6 Rd8 25. Qc2 Qf6 26. Rd1 Ba8 27. b3 Rfd7 28. Bd3 Qg5 29. Be4 Bxe4 30. Qxe4 Bd4 31. b4 Re7 32. Qd3 Rde8 33. Rf1 Re1 34. Ng3 Qf4 35. Ra2 R8e6 36. b6 axb6 37. bxc5 bxc5 38. Ra8+ Kg7 39. Ra7+ Re7 40. Ra2 h5 41. Ne2 Rxf1+ 0-1